| 000 | 00648nam a2200181 a 4500 | ||
|---|---|---|---|
| 008 | 151022s2002 ||||||||||||||||| || u | ||
| 020 | _a9780130328779 | ||
| 050 | _aHF 5823 Rus | ||
| 100 | _aLane, W. Ronald | ||
| 245 | 1 | 0 |
_aKleppner's advertising procedure _cBy J. Thomas Russell [and] W. Ronald Lane |
| 250 | _a15th ed. | ||
| 260 |
_aNew Jersey: _bPrentice Hall _c2002 |
||
| 300 | _axix, 697p.: ill. | ||
| 350 | _a0.09 | ||
| 650 | 0 | _aADVERTISING | |
| 700 | _aRussell, J. Thomas | ||
| 995 |
_FCBU-MAIN LIBRARY (Kitwe) _I0.09 _M1 _UAVAILABLE _WNov 16, 2015 _ZMain Library Open Access Collection |
||
| 999 |
_c48656 _d48656 |
||